The grass is singing / (Record no. 7354)
[ view plain ]
| 000 -LEADER | |
|---|---|
| fixed length control field | 01038nam a2200313 i 4500 |
| 001 - CONTROL NUMBER | |
| JCCL Control Number | 7354 |
| 003 - CONTROL NUMBER IDENTIFIER | |
| JCCL marc code | BD - JhCC |
| 005 - DATE AND TIME OF LATEST TRANSACTION | |
| control field | 20180417184053.0 |
| 008 - FIXED-LENGTH DATA ELEMENTS--GENERAL INFORMATION | |
| fixed length control field | 131204s2013 enk 000|1 eng d |
| 035 ## - SYSTEM CONTROL NUMBER | |
| system control number | (BD - JhCC)7354 |
| 035 ## - SYSTEM CONTROL NUMBER | |
| system control number | (StEdALDL)1/3134978 |
| 040 ## - CATALOGING SOURCE | |
| Original cataloging agency | UK-WkNB |
| Description conventions | rda |
| Transcribing agency | UK-WkNB |
| Modifying agency | UkOxU |
| -- | BD - JhCC |
| 041 ## - LANGUAGE CODE | |
| Language code of Book | eng |
| 082 04 - DEWEY DECIMAL CLASSIFICATION NUMBER | |
| Classification number | 823.914 |
| Author mark and Year | LES 2013 |
| 100 1# - MAIN ENTRY--PERSONAL NAME | |
| Personal name | Lessing, Doris, |
| Dates associated with a name | 1919-2013, |
| 245 14 - TITLE STATEMENT | |
| Title | The grass is singing / |
| Statement of responsibility, etc | Doris Lessing, |
| 300 ## - PHYSICAL DESCRIPTION | |
| Pagination | 3 volumes ; |
| Dimensions | 20 cm |
| 500 ## - GENERAL NOTE | |
| General note | In card wrapper. Individual volumes also issued separately. |
| 500 ## - GENERAL NOTE | |
| General note | Title from wrapper. |
| 505 0# - FORMATTED CONTENTS NOTE | |
| Formatted contents note | The grass is singing -- The golden notebook -- The good terrorist. |
| 650 ## - SUBJECT ADDED ENTRY--TOPICAL TERM | |
| Topical term or geographic name as entry element | Race relations |
| Geographic subdivision | Africa |
| -- | Zimbabwe |
| 700 12 - ADDED ENTRY--PERSONAL NAME | |
| Personal name | Lessing, Doris, |
| Dates associated with a name | 1919-2013. |
| Title of a work | Grass is singing. |
| 700 12 - ADDED ENTRY--PERSONAL NAME | |
| Personal name | Lessing, Doris, |
| Dates associated with a name | 1919-2013. |
| Title of a work | Golden notebook. |
| 700 12 - ADDED ENTRY--PERSONAL NAME | |
| Personal name | Lessing, Doris, |
| Dates associated with a name | 1919-2013. |
| Title of a work | Good terrorist. |
| 942 ## - ADDED ENTRY ELEMENTS (KOHA) | |
| Source of classification or shelving scheme | Dewey Decimal Classification |
| Koha item type | Books |
| 980 ## - EQUIVALENCE OR CROSS-REFERENCE-SERIES STATEMENT--PERSONAL NAME/TITLE [LOCAL, CANADA] | |
| Miscellaneous information | 1 |
| Date of a work | 1/3134978 |
| 981 ## - EQUIVALENCE OR CROSS-REFERENCE-SERIES STATEMENT--CORPORATE NAME/TITLE [LOCAL, CANADA] | |
| Date of meeting or treaty signing | Agency file oxf2014-13.1 |
| Source of classification or shelving scheme | Damaged status | Not for loan | Home library | Current library | Shelving location | Total Checkouts | Full call number | Barcode | Date last seen | Copy number | Koha item type |
|---|---|---|---|---|---|---|---|---|---|---|---|
| Dewey Decimal Classification | JCC Rouf Library | JCC Rouf Library | General Stacks | 823.914 LES 2013 | 9898 | 02/08/2018 | C - 1 | Books |